Normal view
MARC view
- الوعظ والارشاد
Entry Topical Term
001 - CONTROL NUMBER
- control field: 49005
003 - CONTROL NUMBER IDENTIFIER
- control field: JO-AjAnu
005 - DATE AND TIME OF LATEST TRANSACTION
- control field: 20230606082058.0
008 - FIXED-LENGTH DATA ELEMENTS
- fixed length control field: 230606|| aca||aabn | a|a d
040 ## - CATALOGING SOURCE
- Original cataloging agency: JO-AjAnu
- Transcribing agency: JO-AjAnu
150 ## - HEADING--TOPICAL TERM
- Topical term or geographic name entry element: الوعظ والارشاد
670 ## - SOURCE DATA FOUND
- Source citation: Work cat.: (JO-AjAnu)25065: جمع وترتيب السلمي، جملات عبد اللطيف ؛ عناية وتحقيق صبري بن سلامة شاهين, author 49004, منتقى الفوائد المنقولة: المجموعة الأولى